<?xml version="1.0" encoding="UTF-8"?>
<record
    xmlns:xsi="http://www.w3.org/2001/XMLSchema-instance"
    xsi:schemaLocation="http://www.loc.gov/MARC21/slim http://www.loc.gov/standards/marcxml/schema/MARC21slim.xsd"
    xmlns="http://www.loc.gov/MARC21/slim">

  <leader>00991nam a2200241   4500</leader>
  <datafield tag="999" ind1=" " ind2=" ">
    <subfield code="c">80304</subfield>
    <subfield code="d">317581</subfield>
  </datafield>
  <controlfield tag="003">OSt</controlfield>
  <controlfield tag="005">20220622143443.0</controlfield>
  <controlfield tag="008">220622b2016    jo ||||g |||| 00| 0 ara d</controlfield>
  <datafield tag="020" ind1=" " ind2=" ">
    <subfield code="a">9789957992033</subfield>
  </datafield>
  <datafield tag="040" ind1=" " ind2=" ">
    <subfield code="a">Ma-Un</subfield>
    <subfield code="c">Ma-Un</subfield>
  </datafield>
  <datafield tag="082" ind1="0" ind2="4">
    <subfield code="a">158.2</subfield>
    <subfield code="b">&#x62E; &#x639; &#x62F;</subfield>
    <subfield code="2">21</subfield>
  </datafield>
  <datafield tag="100" ind1="1" ind2=" ">
    <subfield code="a">&#x627;&#x644;&#x62E;&#x627;&#x644;&#x62F;&#x64A;&#x60C; &#x639;&#x635;&#x627;&#x645;</subfield>
    <subfield code="9">91652</subfield>
  </datafield>
  <datafield tag="245" ind1="1" ind2="2">
    <subfield code="a">&#x627;&#x644;&#x62F;&#x644;&#x64A;&#x644; &#x627;&#x644;&#x634;&#x627;&#x645;&#x644; &#x644;&#x62A;&#x637;&#x648;&#x64A;&#x631; &#x648;&#x62A;&#x646;&#x645;&#x64A;&#x629; &#x627;&#x644;&#x630;&#x627;&#x62A; :</subfield>
    <subfield code="b">&#x637;&#x631;&#x64A;&#x642;&#x643; &#x625;&#x644;&#x649; &#x627;&#x644;&#x642;&#x645;&#x629; &#x648;&#x627;&#x644;&#x62A;&#x645;&#x64A;&#x632; &#x641;&#x64A; &#x627;&#x644;&#x62D;&#x64A;&#x627;&#x629; /</subfield>
    <subfield code="c">&#x639;&#x635;&#x627;&#x645; &#x627;&#x644;&#x62E;&#x627;&#x644;&#x62F;&#x64A;.</subfield>
  </datafield>
  <datafield tag="250" ind1=" " ind2=" ">
    <subfield code="a">&#x637;. 1.</subfield>
  </datafield>
  <datafield tag="260" ind1=" " ind2=" ">
    <subfield code="a">&#x639;&#x645;&#x627;&#x646;&#x60C; &#x627;&#x644;&#x623;&#x631;&#x62F;&#x646; :</subfield>
    <subfield code="b">&#x62F;&#x627;&#x631; &#x623;&#x645;&#x62C;&#x62F; &#x644;&#x644;&#x646;&#x634;&#x631; &#x648;&#x627;&#x644;&#x62A;&#x648;&#x632;&#x64A;&#x639;&#x60C;</subfield>
    <subfield code="c">2016</subfield>
    <subfield code="m">1437</subfield>
  </datafield>
  <datafield tag="300" ind1=" " ind2=" ">
    <subfield code="a">191 &#x635;. :</subfield>
    <subfield code="b">&#x625;&#x64A;&#x636;. &#x61B;</subfield>
    <subfield code="c">24 &#x633;&#x645;.</subfield>
  </datafield>
  <datafield tag="504" ind1=" " ind2=" ">
    <subfield code="a">&#x64A;&#x634;&#x62A;&#x645;&#x644; &#x639;&#x644;&#x649; &#x642;&#x627;&#x626;&#x645;&#x629; &#x628;&#x628;&#x644;&#x64A;&#x648;&#x62C;&#x631;&#x627;&#x641;&#x64A;&#x629;.</subfield>
  </datafield>
  <datafield tag="650" ind1=" " ind2="7">
    <subfield code="a">&#x627;&#x644;&#x639;&#x644;&#x627;&#x642;&#x627;&#x62A; &#x627;&#x644;&#x634;&#x62E;&#x635;&#x64A;&#x629;</subfield>
    <subfield code="x">&#x62C;&#x648;&#x627;&#x646;&#x628; &#x646;&#x641;&#x633;&#x64A;&#x629;</subfield>
    <subfield code="9">91917</subfield>
  </datafield>
  <datafield tag="650" ind1=" " ind2="7">
    <subfield code="a">&#x627;&#x644;&#x639;&#x644;&#x627;&#x642;&#x627;&#x62A; &#x627;&#x644;&#x625;&#x646;&#x633;&#x627;&#x646;&#x64A;&#x629;</subfield>
    <subfield code="x">&#x62C;&#x648;&#x627;&#x646;&#x628; &#x646;&#x641;&#x633;&#x64A;&#x629;</subfield>
    <subfield code="9">15002</subfield>
  </datafield>
  <datafield tag="650" ind1=" " ind2="7">
    <subfield code="a">&#x639;&#x644;&#x645; &#x627;&#x644;&#x646;&#x641;&#x633; &#x627;&#x644;&#x62A;&#x637;&#x628;&#x64A;&#x642;&#x64A;</subfield>
    <subfield code="9">91918</subfield>
  </datafield>
  <datafield tag="650" ind1=" " ind2="7">
    <subfield code="a">&#x627;&#x644;&#x646;&#x62C;&#x627;&#x62D;</subfield>
    <subfield code="9">91919</subfield>
  </datafield>
  <datafield tag="942" ind1=" " ind2=" ">
    <subfield code="2">ddc</subfield>
    <subfield code="c">BOOK</subfield>
  </datafield>
  <datafield tag="952" ind1=" " ind2=" ">
    <subfield code="1">0</subfield>
    <subfield code="2">2022-06-28</subfield>
    <subfield code="4">0</subfield>
    <subfield code="7">1</subfield>
    <subfield code="U">2022-06-28</subfield>
    <subfield code="a">158.2 &#x62E; &#x639; &#x62F;</subfield>
    <subfield code="d">2022-06-28</subfield>
    <subfield code="h">CL</subfield>
    <subfield code="i">00177199</subfield>
    <subfield code="m">CL</subfield>
    <subfield code="r">2022-06-28 00:00:00</subfield>
    <subfield code="t">BOOK</subfield>
    <subfield code="w">ddc</subfield>
    <subfield code="y">0</subfield>
  </datafield>
  <datafield tag="952" ind1=" " ind2=" ">
    <subfield code="1">0</subfield>
    <subfield code="2">2022-06-28</subfield>
    <subfield code="4">0</subfield>
    <subfield code="7">0</subfield>
    <subfield code="U">2022-06-28</subfield>
    <subfield code="a">158.2 &#x62E; &#x639; &#x62F;</subfield>
    <subfield code="d">2022-06-28</subfield>
    <subfield code="h">CL</subfield>
    <subfield code="i">00177200</subfield>
    <subfield code="m">CL</subfield>
    <subfield code="r">2022-06-28 00:00:00</subfield>
    <subfield code="t">BOOK</subfield>
    <subfield code="w">ddc</subfield>
    <subfield code="y">0</subfield>
  </datafield>
  <datafield tag="952" ind1=" " ind2=" ">
    <subfield code="1">0</subfield>
    <subfield code="2">2022-06-28</subfield>
    <subfield code="4">0</subfield>
    <subfield code="7">0</subfield>
    <subfield code="U">2022-06-28</subfield>
    <subfield code="a">158.2 &#x62E; &#x639; &#x62F;</subfield>
    <subfield code="d">2022-06-28</subfield>
    <subfield code="h">CL</subfield>
    <subfield code="i">00177201</subfield>
    <subfield code="m">CL</subfield>
    <subfield code="r">2022-06-28 00:00:00</subfield>
    <subfield code="t">BOOK</subfield>
    <subfield code="w">ddc</subfield>
    <subfield code="y">0</subfield>
  </datafield>
  <datafield tag="952" ind1=" " ind2=" ">
    <subfield code="1">0</subfield>
    <subfield code="2">2022-06-28</subfield>
    <subfield code="4">0</subfield>
    <subfield code="7">1</subfield>
    <subfield code="U">2022-06-28</subfield>
    <subfield code="a">158.2 &#x62E; &#x639; &#x62F;</subfield>
    <subfield code="d">2022-06-28</subfield>
    <subfield code="h">IC</subfield>
    <subfield code="i">00177202</subfield>
    <subfield code="m">IC</subfield>
    <subfield code="r">2022-06-28 00:00:00</subfield>
    <subfield code="t">BOOK</subfield>
    <subfield code="w">ddc</subfield>
    <subfield code="y">0</subfield>
  </datafield>
  <datafield tag="952" ind1=" " ind2=" ">
    <subfield code="1">0</subfield>
    <subfield code="2">2022-06-28</subfield>
    <subfield code="4">0</subfield>
    <subfield code="7">0</subfield>
    <subfield code="U">2022-06-28</subfield>
    <subfield code="a">158.2 &#x62E; &#x639; &#x62F;</subfield>
    <subfield code="d">2022-06-28</subfield>
    <subfield code="h">IC</subfield>
    <subfield code="i">00177203</subfield>
    <subfield code="m">IC</subfield>
    <subfield code="r">2022-06-28 00:00:00</subfield>
    <subfield code="t">BOOK</subfield>
    <subfield code="w">ddc</subfield>
    <subfield code="y">0</subfield>
  </datafield>
  <datafield tag="952" ind1=" " ind2=" ">
    <subfield code="1">0</subfield>
    <subfield code="2">2022-06-28</subfield>
    <subfield code="4">0</subfield>
    <subfield code="7">1</subfield>
    <subfield code="U">2022-06-28</subfield>
    <subfield code="a">158.2 &#x62E; &#x639; &#x62F;</subfield>
    <subfield code="d">2022-06-28</subfield>
    <subfield code="h">IC</subfield>
    <subfield code="i">00177204</subfield>
    <subfield code="m">IC</subfield>
    <subfield code="r">2022-06-28 00:00:00</subfield>
    <subfield code="t">BOOK</subfield>
    <subfield code="w">ddc</subfield>
    <subfield code="y">0</subfield>
  </datafield>
  <datafield tag="952" ind1=" " ind2=" ">
    <subfield code="1">0</subfield>
    <subfield code="2">2022-06-28</subfield>
    <subfield code="4">0</subfield>
    <subfield code="7">0</subfield>
    <subfield code="U">2022-06-28</subfield>
    <subfield code="a">158.2 &#x62E; &#x639; &#x62F;</subfield>
    <subfield code="d">2022-06-28</subfield>
    <subfield code="h">IC</subfield>
    <subfield code="i">00177205</subfield>
    <subfield code="m">IC</subfield>
    <subfield code="r">2022-06-28 00:00:00</subfield>
    <subfield code="t">BOOK</subfield>
    <subfield code="w">ddc</subfield>
    <subfield code="y">0</subfield>
  </datafield>
  <datafield tag="952" ind1=" " ind2=" ">
    <subfield code="1">0</subfield>
    <subfield code="2">2022-06-28</subfield>
    <subfield code="4">0</subfield>
    <subfield code="7">1</subfield>
    <subfield code="U">2022-06-28</subfield>
    <subfield code="a">158.2 &#x62E; &#x639; &#x62F;</subfield>
    <subfield code="d">2022-06-28</subfield>
    <subfield code="h">SRF</subfield>
    <subfield code="i">00177206</subfield>
    <subfield code="m">SRF</subfield>
    <subfield code="r">2022-06-28 00:00:00</subfield>
    <subfield code="t">BOOK</subfield>
    <subfield code="w">ddc</subfield>
    <subfield code="y">0</subfield>
  </datafield>
  <datafield tag="952" ind1=" " ind2=" ">
    <subfield code="1">0</subfield>
    <subfield code="2">2022-06-28</subfield>
    <subfield code="4">0</subfield>
    <subfield code="7">0</subfield>
    <subfield code="U">2022-06-28</subfield>
    <subfield code="a">158.2 &#x62E; &#x639; &#x62F;</subfield>
    <subfield code="d">2022-06-28</subfield>
    <subfield code="h">SRF</subfield>
    <subfield code="i">00177207</subfield>
    <subfield code="m">SRF</subfield>
    <subfield code="r">2022-06-28 00:00:00</subfield>
    <subfield code="t">BOOK</subfield>
    <subfield code="w">ddc</subfield>
    <subfield code="y">0</subfield>
  </datafield>
  <datafield tag="952" ind1=" " ind2=" ">
    <subfield code="1">0</subfield>
    <subfield code="2">2022-06-28</subfield>
    <subfield code="4">0</subfield>
    <subfield code="7">1</subfield>
    <subfield code="U">2022-06-28</subfield>
    <subfield code="a">158.2 &#x62E; &#x639; &#x62F;</subfield>
    <subfield code="d">2022-06-28</subfield>
    <subfield code="h">SRM</subfield>
    <subfield code="i">00177208</subfield>
    <subfield code="m">SRM</subfield>
    <subfield code="r">2022-06-28 00:00:00</subfield>
    <subfield code="t">BOOK</subfield>
    <subfield code="w">ddc</subfield>
    <subfield code="y">0</subfield>
  </datafield>
  <datafield tag="952" ind1=" " ind2=" ">
    <subfield code="1">0</subfield>
    <subfield code="2">2022-06-28</subfield>
    <subfield code="4">0</subfield>
    <subfield code="7">0</subfield>
    <subfield code="U">2022-06-28</subfield>
    <subfield code="a">158.2 &#x62E; &#x639; &#x62F;</subfield>
    <subfield code="d">2022-06-28</subfield>
    <subfield code="h">SRM</subfield>
    <subfield code="i">00177209</subfield>
    <subfield code="m">SRM</subfield>
    <subfield code="r">2022-06-28 00:00:00</subfield>
    <subfield code="t">BOOK</subfield>
    <subfield code="w">ddc</subfield>
    <subfield code="y">0</subfield>
  </datafield>
  <datafield tag="952" ind1=" " ind2=" ">
    <subfield code="1">0</subfield>
    <subfield code="2">2022-06-28</subfield>
    <subfield code="4">0</subfield>
    <subfield code="7">1</subfield>
    <subfield code="U">2022-06-28</subfield>
    <subfield code="a">158.2 &#x62E; &#x639; &#x62F;</subfield>
    <subfield code="d">2022-06-28</subfield>
    <subfield code="h">IC</subfield>
    <subfield code="i">00177210</subfield>
    <subfield code="m">IC</subfield>
    <subfield code="r">2022-06-28 00:00:00</subfield>
    <subfield code="t">BOOK</subfield>
    <subfield code="w">ddc</subfield>
    <subfield code="y">0</subfield>
  </datafield>
  <datafield tag="952" ind1=" " ind2=" ">
    <subfield code="1">0</subfield>
    <subfield code="2">2022-06-28</subfield>
    <subfield code="4">0</subfield>
    <subfield code="7">0</subfield>
    <subfield code="U">2022-06-28</subfield>
    <subfield code="a">158.2 &#x62E; &#x639; &#x62F;</subfield>
    <subfield code="d">2022-06-28</subfield>
    <subfield code="h">IC</subfield>
    <subfield code="i">00177211</subfield>
    <subfield code="m">IC</subfield>
    <subfield code="r">2022-06-28 00:00:00</subfield>
    <subfield code="t">BOOK</subfield>
    <subfield code="w">ddc</subfield>
    <subfield code="y">0</subfield>
  </datafield>
  <datafield tag="952" ind1=" " ind2=" ">
    <subfield code="1">0</subfield>
    <subfield code="2">2022-06-28</subfield>
    <subfield code="4">0</subfield>
    <subfield code="7">1</subfield>
    <subfield code="U">2022-06-28</subfield>
    <subfield code="a">158.2 &#x62E; &#x639; &#x62F;</subfield>
    <subfield code="d">2022-06-28</subfield>
    <subfield code="h">IC</subfield>
    <subfield code="i">00177212</subfield>
    <subfield code="m">IC</subfield>
    <subfield code="r">2022-06-28 00:00:00</subfield>
    <subfield code="t">BOOK</subfield>
    <subfield code="w">ddc</subfield>
    <subfield code="y">0</subfield>
  </datafield>
  <datafield tag="952" ind1=" " ind2=" ">
    <subfield code="1">0</subfield>
    <subfield code="2">2022-06-28</subfield>
    <subfield code="4">0</subfield>
    <subfield code="7">0</subfield>
    <subfield code="U">2022-06-28</subfield>
    <subfield code="a">158.2 &#x62E; &#x639; &#x62F;</subfield>
    <subfield code="d">2022-06-28</subfield>
    <subfield code="h">IC</subfield>
    <subfield code="i">00177213</subfield>
    <subfield code="m">IC</subfield>
    <subfield code="r">2022-06-28 00:00:00</subfield>
    <subfield code="t">BOOK</subfield>
    <subfield code="w">ddc</subfield>
    <subfield code="y">0</subfield>
  </datafield>
  <datafield tag="952" ind1=" " ind2=" ">
    <subfield code="1">0</subfield>
    <subfield code="2">2022-06-28</subfield>
    <subfield code="4">0</subfield>
    <subfield code="7">1</subfield>
    <subfield code="U">2022-06-28</subfield>
    <subfield code="a">158.2 &#x62E; &#x639; &#x62F;</subfield>
    <subfield code="d">2022-06-28</subfield>
    <subfield code="h">SZM</subfield>
    <subfield code="i">00177214</subfield>
    <subfield code="m">SZM</subfield>
    <subfield code="r">2022-06-28 00:00:00</subfield>
    <subfield code="t">BOOK</subfield>
    <subfield code="w">ddc</subfield>
    <subfield code="y">0</subfield>
  </datafield>
  <datafield tag="952" ind1=" " ind2=" ">
    <subfield code="1">0</subfield>
    <subfield code="2">2022-06-28</subfield>
    <subfield code="4">0</subfield>
    <subfield code="7">0</subfield>
    <subfield code="U">2022-06-28</subfield>
    <subfield code="a">158.2 &#x62E; &#x639; &#x62F;</subfield>
    <subfield code="d">2022-06-28</subfield>
    <subfield code="h">SZM</subfield>
    <subfield code="i">00177215</subfield>
    <subfield code="m">SZM</subfield>
    <subfield code="r">2022-06-28 00:00:00</subfield>
    <subfield code="t">BOOK</subfield>
    <subfield code="w">ddc</subfield>
    <subfield code="y">0</subfield>
  </datafield>
</record>
